| 000 | 00589nam a22001697a 4500 | ||
|---|---|---|---|
| 008 | 161019b xxu||||| |||| 00| 0 eng d | ||
| 020 | _a9782940411948 | ||
| 050 | _aTT 509 .H67 2010 | ||
| 100 | _aGalton,Elizabeth | ||
| 245 |
_aBasics Fashion Design 10: _bJewellery Design/ _cElizabeth Galton |
||
| 260 |
_aLondon: _bAVA publishing SA, _cc2012 |
||
| 300 |
_a175p. : _bill. ; _c16cm |
||
| 500 | _aIncludes index. | ||
| 650 |
_aJewellery making _bJewellery making _ystudy and teaching |
||
| 650 |
_bJewellery making _yDesign |
||
| 942 |
_2lcc _cSH_L_BOOKS _hNA 7304 .G357 2012 _018 |
||
| 999 |
_c15042 _d15042 |
||